| 000 | 01297nam a2200337 i 4500 | ||
|---|---|---|---|
| 001 | 13951 | ||
| 003 | KOSZ 005 | ||
| 005 | 20200630132829.0 | ||
| 008 | 071205s1971 pl a f 000 0 pol | ||
| 015 | _aPB 1971/9359 | ||
| 040 |
_aWA N _cWA N _dKOSZ 005/RW |
||
| 041 | 1 |
_apol _hrus |
|
| 080 | _a53 | ||
| 245 | 0 | 0 |
_aZadania z fizyki dla kandydatów na wyższe uczelnie / _cG. A. Bendrikow [et al.] ; z rosyjskiego tłumaczył Jan Kowalski. |
| 246 | 1 |
_iTytuł oryginału: _aZadači po fizike dlâ postupaûŝih v vuzy. |
|
| 260 |
_aWarszawa : _bPaństwowe Wydawnictwo Naukowe, _c1971. |
||
| 300 |
_a434, [2] strony : _bilustracje, errata ; _c23 cm. |
||
| 336 |
_aTekst _btxt _2rdacontent |
||
| 337 |
_aBez urządzenia pośredniczącego _bn _2rdamedia |
||
| 338 |
_aWolumin _bnc _2rdacarrier |
||
| 380 | _aKsiążki. | ||
| 655 | 4 | _aĆwiczenia i zadania dla szkół średnich. | |
| 658 | _aFizyka i astronomia | ||
| 650 | 4 | _aFizyka | |
| 650 | 4 | _aEgzaminy do szkół wyższych | |
| 700 | 1 |
_aBendrikov, G. A. _eAutor |
|
| 700 | 1 |
_aKowalski, Jan _d(1905-1977). _eTłumaczenie |
|
| 710 | 2 |
_aPaństwowe Wydawnictwo Naukowe _4pbl. |
|
| 856 |
_uhttp://koha.tu.koszalin.pl/cgi-bin/koha/opac-detail.pl?biblionumber=13951 _yKatalog online BPK |
||
| 942 |
_2UKD _cKS |
||
| 999 |
_c13951 _d13951 |
||